Lira dos Vinte Anos (Record no. 965)

MARC details
000 -LÍDER
campo de controle de tamanho fixo 00719 a2200265 4500
001 - NÚMERO DE CONTROLE
campo de controle 965
003 - IDENTIFICADOR DO NÚMERO DE CONTROLE
campo de controle Complexo Educacional Contemporaneo
005 - DATA E HORÁRIO DA ÚLTIMA TRANSAÇÃO
campo de controle 20230919125254.0
008 - CAMPO DE DADOS FIXOS--INFORMAÇÃO GERAL
campo de controle de tamanho fixo 190612s2009 r por d
020 ## - ISBN - INTERNATIONAL STANDARD BOOK NUMBER
ISBN - International Standard Book Number 9788538004738
040 ## - FONTE DA CATALOGAÇÃO
Instituição da catalogação original Complexo Educacional Contemporaneo
Idioma da catalogação por
080 ## - CDU - CLASSIFICAÇÃO DECIMAL UNIVERSAL
Número da Classificação Decimal Universal (CDU) 82-1
082 ## - CDD - CLASSIFICAÇÃO DECIMAL DE DEWEY
Número de Classificação 82-1
090 ## - NÚMERO DE CHAMADA LOCAL
Número de chamada (OCLC) (R); Número de chamada, CALL (RLIN) (NR) 82-1 A994l
Número Cutter local (OCLC); Número de classificação do livro, CALL (RLIN) AP
100 ## - ENTRADA PRINCIPAL--NOME PESSOAL
Nome pessoal Azevedo, Álvares de
240 10 - TÍTULO UNIFORME
Título uniforme Lira dos Vinte Anos
Idioma da obra Português
260 ## - PUBLICAÇÃO, DISTRIBUIÇÃO, ETC.
Local de publicação, distribuição, etc. São Paulo
Nome do editor, distribuidor, etc. Ciranda Cultural
Data da publicação, distribuição, etc. 2009
245 10 - TÍTULO
Título Lira dos Vinte Anos
300 ## - DESCRIÇÃO FÍSICA
Extensão 197p.
362 0# - DATAS DE PUBLICAÇÃO E/OU DESIGNAÇÃO SEQUENCIAL
Datas de publicação e/ou designação sequencial (2009)
440 #1 - DECLARAÇÃO DE SÉRIE/ENTRADA ADICIONADA--TÍTULO
Título Classicos da Literatura
650 #4 - ASSUNTO--TERMO TÓPICO
Cabeçalho tópico ou nome geográfico Literatura Brasileira
650 #4 - ASSUNTO--TERMO TÓPICO
Cabeçalho tópico ou nome geográfico Poesia
Holdings
Situação do descarte Situação das perdas Fonte da classificação ou esquema de arquivamento na estante Situação física Não pode ser emprestado Biblioteca de origem Biblioteca atual Data de aquisição Custo, preço normal de compra Total de empréstimos Código de barras Data de último acesso Número do exemplar Data do preço efetivo Tipo de material Koha
          Contemporâneo - Lagoa Nova P1 Contemporâneo - Lagoa Nova P1 12/06/2019 4.90   906519 19/09/2023 1 19/09/2023 Livros
          Contemporâneo - Lagoa Nova P1 Contemporâneo - Lagoa Nova P1 20/08/2019 4.90   906319 19/09/2023 2 19/09/2023 Livros